Denmark 2011

Saved in:
Bibliographic Details
Format: Book
Language:English
Published: Paris OECD 2012
Series:Value for money in government
Subjects:
Tags: Add Tag
No Tags, Be the first to tag this record!

MARC

LEADER 00000nam a2200000 4500
001 0169039
005 20240315120523.7
020 |a 978-92-64-13070-8 
041 0 |a eng 
044 |a FR 
245 1 0 |a Denmark 2011 
264 1 |a Paris  |b OECD  |c 2012 
300 |a 148 s. 
490 1 |a Value for money in government 
830 0 |a Value for money in government 
610 2 0 |a správa verejná 
610 2 0 |a správa štátna 
610 2 0 |a financie verejné 
610 2 0 |a výdavky verejné 
610 2 0 |a príjmy 
610 2 0 |a reformy 
610 2 0 |a Dánsko